Essen A-Z - Statistiken

Allgemein
  • Dieses Quiz wurde 41 mal gespielt
    35 seit der letzten Aktualisierung
  • Das Durchschnittsergebnis liegt bei 12 aus 28
Antwortstatistiken
Clue Antwort % Korrekt
P Land zu dem Essen von 1803-06 & 1813-1932 gehörte Preußen
88%
R Lokaler Fußballverein und DAX-Konzern RWE
88%
X Bekannte Kleinstadt mit römischen Wurzeln 45km von Essen entfernt Xanten
72%
Y Auf Y endender Stadtteil Bredeney
66%
E Fluss in Karnap Emscher
63%
Z Großer Minenkomplex im Essener Norden Zollverein
63%
N Stadtteil in der Stadtmitte Nordviertel
59%
O Stadtteil in der Stadtmitte Ostviertel
59%
V Südliche Nachbarstadt Velbert
59%
G Park südlich der Uniklinik Gruga
56%
S Essener Brauerei Stauder
56%
F Stadtteil der mit F beginnt Fischlaken | Freisenbruch | Frillendorf | Frintrop | Frohnhausen | Fulerum
53%
Ü Name der Stadtteile Hinsel & Holthausen Überruhr
53%
A Alter Name von Burgaltendorf Altendorf
47%
B Mönchsorden der über die Südhalfte Essens herrschte (877-1803) Benediktiner
41%
H Stadtteil am Baldeneysee Heisingen
41%
K 1975 eingemeindeter Stadtteil Kettwig
41%
T Finnische Partnerstadt Tampere
41%
W Stadt welche 1929 eingemeindet wurde Werden
38%
M Gartenstadt Margarethenhöhe
25%
I Burg oberhalb des Baldeneysees benannt nach einer Burg in Hattingen Neue Isenburg
25%
U „Künstlerdorf“ in der Innenstadt Unperfekthaus
25%
Ä Titel des Staatsoberhaupts 845-1803 Äbtissin
19%
D Ruhrzufluss in Kupferdreh Deilbach
16%
J Ausländischer Staatschef welcher Essen am 02.Mai.1987 besuchte Johannes Paul II
16%
Ö Schloß & Golfclub in #K Öfte
13%
L Friesischer Heiliger begraben in der Basilika von #W (†809) Liudger
9%
C Stadtheilige der Stadt Essen Cosmas und Damian
6%
Keine übereinstimmenden Quizze gefunden
Verteilung der Resultate
Anzahl Personen mit jedem Resultat
Perzentil nach korrekt beantworteten Fragen
Ihre Resultats-Entwicklung
Sie haben dieses Quiz seit der letzten Aktualisierung nicht gespielt